El turista modernista : Benvinguts a les fires modernistes! Benvinguts a les fires modernistes!
Descripción Física:
1 tríptic ; il. b/n ; 15 x 21 cm
Materias:
Barcelona és Molt Més -- marca turística
; Fires -- Barcelona (Catalunya : Província)
; Modernisme (Art) -- Barcelona (Catalunya : Província)
; Turisme cultural -- Barcelona
Idioma:
Catalán
MARC
| LEADER | 00000nam a22000007a 4500 | ||
|---|---|---|---|
| 001 | 27586 | ||
| 003 | Arxiu | ||
| 005 | 20260324181157.0 | ||
| 008 | 230327b spa||||| |||| 00| 0 cat d | ||
| 017 | |a B 9264-2022 | ||
| 040 | |a agdb |b cat | ||
| 245 | |a El turista modernista : |b Benvinguts a les fires modernistes! | ||
| 260 | |a Barcelona : |b Diputació de Barcelona ; |c 2022 | ||
| 300 | |a 1 tríptic ; |b il. b/n ; |c 15 x 21 cm | ||
| 610 | 2 | 0 | |9 51323 |a Barcelona és Molt Més |e marca turística |
| 650 | 0 | |9 38336 |a Fires |x Barcelona (Catalunya : Província) | |
| 650 | 0 | |9 56052 |a Modernisme (Art) |z Barcelona (Catalunya : Província) | |
| 650 | 0 | |2 Arxiu |9 49486 |a Turisme cultural |x Barcelona | |
| 710 | 1 | |9 51270 |a Barcelona (Catalunya : Província). |b Gerència de Serveis de Turisme | |
| 710 | |9 53579 |a Barcelona (Catalunya : Província). |b Oficina Tècnica de Turisme | ||
| 710 | 1 | |9 51402 |a Barcelona (Catalunya : Província). |b Oficina de Promoció Turística | |
| 942 | |2 udc |c ARXIU |n 1 | ||
| 952 | |0 0 |1 0 |2 udc |4 0 |6 FU74195 |7 1 |9 65803 |a Arxiu |b Arxiu |d 2023-03-27 |l 0 |o FU-74-195 |p 27586 |r 2023-03-27 00:00:00 |w 2023-03-27 |y ARXIU | ||
| 999 | |c 83248 |d 83248 | ||